000 004900000a22001930004500
001 001831
003 MACL
005 20150903142142.0
008 150903b xxu||||| |||| 00| 0 eng d
040 _aMACL
_cMACL
041 _aEnglish
082 _a808/HAR
100 _aJr, Robert L HardGrave
_98905
245 _aWord As Mantra
_bThe Art Of Raja Rao
_cRobert L HardGrave Jr
260 _aNew Delhi
_c1998
_bKatha,
350 _a175
650 _aLiterature
_98906
942 _k808
_cBK
_2ddc
999 _c13747
_d13747